000 00474 a2200169 4500
003 OSt
005 20180116182655.0
008 160426b xxu||||| |||| 00| 0 eng d
040 _c0
082 _a370.941
100 _aBritish Council pakistan.
245 _aHandbook on Studying in United Kingdom
_cBritish Council pakistan.
260 _aPakistan
_bBritish Council Pakistan
_c2004-2005
300 _a386p
500 _aPaper cover
942 _aNBS
_cBK
_k370.941 BRI
_2ddc
999 _c343833
_d343833